Chaos und Management
Na minha lista:
| Autor principal: | |
|---|---|
| Formato: | Livro |
| Idioma: | alemão |
| Publicado em: |
Wiesbaden
Gabler
1993
|
| Edição: | 2. Aufl. |
| Assuntos: | |
| Tags: |
Sem tags, seja o primeiro a adicionar uma tag!
|
MARC
| LEADER | 00000nam a2200000 4500 | ||
|---|---|---|---|
| 001 | c010128 | ||
| 005 | 20251009090044.7 | ||
| 020 | |a 3-409-28771-X | ||
| 041 | 0 | |a ger | |
| 044 | |a DE | ||
| 245 | 1 | 0 | |a Chaos und Management |c Georg Turnheim |
| 250 | |a 2. Aufl. | ||
| 264 | 1 | |a Wiesbaden |b Gabler |c 1993 | |
| 300 | |a 255 s. | ||
| 610 | 2 | 0 | |a teória chaosu |
| 610 | 2 | 0 | |a manažment |
| 610 | 2 | 0 | |a komunikácia |
| 610 | 2 | 0 | |a konkurencia |
| 610 | 2 | 0 | |a hry ekonomické |
| 610 | 2 | 0 | |a plánovanie |
| 100 | 1 | |a Turnheim, Georg | |